| 000 | 00554cam a2200169 4500500 | ||
|---|---|---|---|
| 005 | 20260111080201.0 | ||
| 041 | _afre | ||
| 042 | _adc | ||
| 100 | 1 | 0 |
_aGirardi, Jean-Luc _eauthor |
| 700 | 1 | 0 |
_aRocca, Pierre _eauthor |
| 700 | 1 | 0 |
_aHeintz, Sébastien _eauthor |
| 245 | 0 | 0 | _aHommage à Gérard Le Grand |
| 260 | _c2017. | ||
| 500 | _a28 | ||
| 786 | 0 | _nGestion & Finances Publiques | 2 | 2 | 2017-01-30 | p. 1-1 | 1969-1009 | |
| 856 | 4 | 1 | _uhttps://droit.cairn.info/revue-gestion-et-finances-publiques-2017-2-page-1?lang=fr&redirect-ssocas=7080 |
| 999 |
_c1615985 _d1615985 |
||